000 00784nam a2200265Ia 4500
003 OSt
005 20221006155938.0
006 a|||||r|||| 00| 0
007 ta
008 221006b |||||||| |||| 00| 0 eng d
020 _a9780415587464
_c
_135.00
024 _a43,911
037 _bGift, Embassy of Korea (Window on Korea)
_cTextual
040 _aEASL
_cEASL
_beng
041 _2eng
_aeng
082 _aD65,8(B).495, Q2
100 _aLee Kwang-Suk
_9671142
245 0 _aIT development in Korea
_b A broadband nirvanas
260 _aLondon
_bRoutledge
_c2012
300 _a176p.
_ccm.
490 _v KEL
650 _aKEL
942 _hD65,8(B).495, Q2
_cTEXL
_2CC
999 _c1112003
_d1112003